[Event "Runavik Open 2018"]
[Site "Runavik"]
[Date "2018.11.17"]
[Round "7"]
[White "Nielsen, Jon I Horni"]
[Black "Olsen, Kaj"]
[Result "1-0"]
[WhiteElo "1710"]
[BlackElo "1718"]
[Annotator "NA"]
[PlyCount "153"]
[EventDate "2018.11.12"]
[EventType "swiss"]
[EventCountry "FAI"]
[SourceTitle "playchess.com"]
[Source "ChessBase"]
[SourceQuality "1"]
[TimeControl "40/5400+30:900+30"]

1. e4 {[%emt 0:00:00]} e5 {[%emt 0:00:00]} 2. Nf3 {[%emt 0:00:10]} Nf6 {[%emt 0:02:05]} 3. d3 {[%emt 0:01:54]} Nc6 {[%emt 0:03:22]} 4. Nc3 {[%emt 0:03:28]} Bb4 {[%emt 0:01:11]} 5. Be2 {[%emt 0:01:44]} d5 {[%emt 0:01:13]} 6. exd5 {[%emt 0:02:40]} Nxd5 {[%emt 0:00:38]} 7. Bd2 {[%emt 0:01:24]} O-O {[%emt 0:01:07]} 8. O-O {[%emt 0:03:16]} Re8 {[%emt 0:08:59]} 9. Ne4 {[%emt 0:04:19]} f5 {[%emt 0:01:27]} 10. Ng3 {[%emt 0:02:25]} Qd6 {[%emt 0:04:52]} 11. c3 {[%emt 0:04:27]} Bc5 {[%emt 0:00:24]} 12. Qc2 {[%emt 0:06:55]} g6 {[%emt 0:04:24]} 13. Rad1 {[%emt 0:08:46]} a5 {[%emt 0:08:31]} 14. a3 {[%emt 0:05:38]} Nf4 {[%emt 0:08:09]} 15. Be3 {[%emt 0:03:20]} Ne6 {[%emt 0:15:44]} 16. Bxc5 {[%emt 0:01:11]} Qxc5 {[%emt 0:02:41]} 17. Qb3 {[%emt 0:02:23]} a4 {[%emt 0:04:56]} 18. Qa2 {[%emt 0:02:37]} Kg7 {[%emt 0:00:59]} 19. Qb1 {[%emt 0:05:51]} b6 {[%emt 0:02:36]} 20. Qc1 {[%emt 0:02:48]} Nf4 {[%emt 0:03:02]} 21. d4 {[%emt 0:01:14]} Nxe2+ {[%emt 0:01:34]} 22. Nxe2 {[%emt 0:00:09]} Qb5 {[%emt 0:00:32]} 23. c4 {[%emt 0:04:30]} Qb3 {[%emt 0:02:18]} 24. d5 {[%emt 0:03:11]} Na5 {[%emt 0:00:30]} 25. Nd2 {[%emt 0:01:44]} Qd3 {[%emt 0:00:38]} 26. Ng3 {[%emt 0:01:45]} Ba6 {[%emt 0:00:40]} 27. Nde4 {[%emt 0:01:49]} Qxc4 {[%emt 0:02:05]} 28. Qg5 {[%emt 0:00:19]} fxe4 {[%emt 0:05:23]} 29. Nf5+ {[%emt 0:00:55]} Kg8 {[%emt 0:00:34]} 30. Nh6+ {[%emt 0:00:12]} Kg7 {[%emt 0:00:43]} 31. Rc1 {[%emt 0:00:42]} Qxf1+ {[%emt 0:01:33]} 32. Rxf1 {[%emt 0:01:35]} Bxf1 {[%emt 0:00:06]} 33. Kxf1 {[%emt 0:00:08]} Nc4 {[%emt 0:02:27]} 34. Ng4 {[%emt 0:02:15]} Rf8 {[%emt 0:01:44]} 35. Nxe5 {[%emt 0:01:45]} Nxe5 {[%emt 0:01:24]} 36. Qxe5+ {[%emt 0:00:09]} Kh6 {[%emt 0:02:27]} 37. Qxe4 {[%emt 0:01:45]} Rad8 {[%emt 0:00:58]} 38. Qxa4 {[%emt 0:00:24]} Rxd5 {[%emt 0:00:28]} 39. Qh4+ {[%emt 0:01:25]} Kg7 {[%emt 0:00:15]} 40. Qe7+ {[%emt 0:00:00]} Rf7 {[%emt 0:00:00]} 41. Qe2 {[%emt 0:04:11]} Rfd7 {[%emt 0:03:00]} 42. g3 {[%emt 0:01:12]} Rf7 {[%emt 0:01:40]} 43. Kg2 {[%emt 0:01:35]} Rfd7 {[%emt 0:02:53]} 44. h4 {[%emt 0:02:33]} Rd3 {[%emt 0:02:03]} 45. Qe5+ {[%emt 0:00:30]} Kg8 {[%emt 0:00:23]} 46. h5 {[%emt 0:02:04]} R3d5 {[%emt 0:00:55]} 47. Qe8+ {[%emt 0:00:55]} Kg7 {[%emt 0:00:13]} 48. hxg6 {[%emt 0:01:23]} hxg6 {[%emt 0:00:13]} 49. a4 {[%emt 0:02:01]} Rf7 {[%emt 0:01:10]} 50. Qe3 {[%emt 0:00:58]} Rdf5 {[%emt 0:03:41]} 51. f4 {[%emt 0:01:57]} Ra5 {[%emt 0:01:56]} 52. b3 {[%emt 0:04:38]} Raf5 {[%emt 0:01:46]} 53. Qd4+ {[%emt 0:01:18]} Kh7 {[%emt 0:01:15]} 54. Qe4 {[%emt 0:01:02]} Kg7 {[%emt 0:00:19]} 55. b4 {[%emt 0:01:08]} Kh7 {[%emt 0:02:17]} 56. Qe3 {[%emt 0:00:11]} c5 {[%emt 0:01:20]} 57. bxc5 {[%emt 0:01:00]} Rxc5 {[%emt 0:00:13]} 58. Qb3 {[%emt 0:01:27]} Rf6 {[%emt 0:00:33]} 59. Kh3 {[%emt 0:00:28]} Rh5+ {[%emt 0:02:53]} 60. Kg4 {[%emt 0:00:14]} Rc5 {[%emt 0:00:16]} 61. Qb4 {[%emt 0:00:13]} Kh6 {[%emt 0:00:36]} 62. Qd2 {[%emt 0:00:55]} Kg7 {[%emt 0:00:51]} 63. Qd4 {[%emt 0:00:21]} Kf7 {[%emt 0:00:15]} 64. Qd7+ {[%emt 0:01:21]} Kf8 {[%emt 0:00:28]} 65. Kf3 {[%emt 0:01:13]} Rcf5 {[%emt 0:00:07]} 66. Ke4 {[%emt 0:01:14]} Kg8 {[%emt 0:01:15]} 67. Qc7 {[%emt 0:00:53]} Ra5 {[%emt 0:01:34]} 68. Qd7 {[%emt 0:01:07]} Raf5 {[%emt 0:00:31]} 69. Qe7 {[%emt 0:01:13]} Ra5 {[%emt 0:01:38]} 70. Qxf6 {[%emt 0:00:03]} Rxa4+ {[%emt 0:00:12]} 71. Kf3 {[%emt 0:00:05]} Kh7 {[%emt 0:00:47]} 72. Qxb6 {[%emt 0:00:17]} Kh6 {[%emt 0:00:12]} 73. Kg4 {[%emt 0:00:18]} Re4 {[%emt 0:00:43]} 74. Qf6 {[%emt 0:00:15]} Kh7 {[%emt 0:00:39]} 75. Kg5 {[%emt 0:00:03]} Ra4 {[%emt 0:00:28]} 76. Qxg6+ {[%emt 0:00:03]} Kh8 {[%emt 0:00:13]} 77. Qe8+ {[%emt 0:00:03]} 1-0

[Event "Runavik Open 2018"]
[Site "Runavik"]
[Date "2018.11.17"]
[Round "7"]
[White "Nielsen, Suni I Horni"]
[Black "Petersen, Elias"]
[Result "1-0"]
[WhiteElo "1563"]
[BlackElo "1045"]
[Annotator "NA RC"]
[PlyCount "37"]
[EventDate "2018.11.12"]
[EventType "swiss"]
[EventCountry "FAI"]
[SourceTitle "playchess.com"]
[Source "ChessBase"]
[SourceQuality "1"]
[TimeControl "40/5400+30:900+30"]

1. e4 {[%emt 0:00:00]} e5 {[%emt 0:00:00]} 2. Nf3 {[%emt 0:00:00]} Nc6 {[%emt 0:00:03]} 3. Bc4 {[%emt 0:00:34]} a6 {[%emt 0:01:10]} 4. d3 {[%emt 0:00:35]} Bc5 {[%emt 0:00:34]} 5. Nc3 {[%emt 0:00:27]} h6 {[%emt 0:00:43]} 6. Be3 {[%emt 0:00:32]} Bxe3 {[%emt 0:00:42]} 7. fxe3 {[%emt 0:00:04]} d6 {[%emt 0:00:30]} 8. h3 {[%emt 0:00:13]} Nf6 {[%emt 0:00:54]} 9. O-O {[%emt 0:01:48]} O-O {[%emt 0:00:34]} 10. Nh4 {[%emt 0:00:16]} Nxe4 {[%emt 0:01:39]} 11. Ng6 {[%emt 0:00:34]} Bxh3 {[%emt 0:01:01]} 12. Qf3 {[%emt 0:04:10]} Nd2 {[%emt 0:01:07]} 13. Bxf7+ {[%emt 0:03:03]} Kh7 {[%emt 0:00:47]} 14. Nxf8+ {[%emt 0:00:13]} Kh8 {[%emt 0:00:46]} 15. Ng6+ {[%emt 0:00:21]} Kh7 {[%emt 0:00:14]} 16. Qxh3 {[%emt 0:00:13]} Nxf1 {[%emt 0:00:41]} 17. Qf5 {[%emt 0:00:18]} Nxe3 {[%emt 0:00:53]} 18. Nf8+ {[%emt 0:00:08]} Kh8 {[%emt 0:00:12]} 19. Qh7# {[%emt 0:00:07]} 1-0

[Event "Runavik Open 2018"]
[Site "Runavik"]
[Date "2018.11.17"]
[Round "7"]
[White "Tummasarson, Flovin M."]
[Black "Jacobsen, Markus"]
[Result "1-0"]
[WhiteElo "1378"]
[BlackElo "1076"]
[Annotator "NA RC"]
[PlyCount "73"]
[EventDate "2018.11.12"]
[EventType "swiss"]
[EventCountry "FAI"]
[SourceTitle "playchess.com"]
[Source "ChessBase"]
[SourceQuality "1"]
[TimeControl "40/5400+30:900+30"]

1. e4 {[%emt 0:00:00]} e6 {[%emt 0:00:00]} 2. d4 {[%emt 0:00:00]} d5 {[%emt 0:00:00]} 3. exd5 {[%emt 0:00:00]} exd5 {[%emt 0:01:28]} 4. c4 {[%emt 0:02:48]} c6 {[%emt 0:01:28]} 5. Nf3 {[%emt 0:01:43]} g6 {[%emt 0:01:34]} 6. Nc3 {[%emt 0:02:46]} Bg7 {[%emt 0:02:09]} 7. Be2 {[%emt 0:03:12]} Bg4 {[%emt 0:00:58]} 8. c5 {[%emt 0:01:12]} Ne7 {[%emt 0:02:30]} 9. Be3 {[%emt 0:03:21]} Nf5 {[%emt 0:01:19]} 10. O-O {[%emt 0:00:47]} O-O {[%emt 0:02:22]} 11. h3 {[%emt 0:01:59]} Nxe3 {[%emt 0:02:02]} 12. fxe3 {[%emt 0:00:11]} Be6 {[%emt 0:01:18]} 13. Re1 {[%emt 0:01:33]} Nd7 {[%emt 0:04:04]} 14. Qd2 {[%emt 0:02:08]} Qe7 {[%emt 0:01:43]} 15. Rab1 {[%emt 0:03:13]} Bh6 {[%emt 0:01:11]} 16. Bd3 {[%emt 0:04:31]} Nf6 {[%emt 0:03:50]} 17. Qf2 {[%emt 0:04:08]} Bd7 {[%emt 0:02:01]} 18. Ne5 {[%emt 0:03:36]} Nh5 {[%emt 0:03:09]} 19. Re2 {[%emt 0:01:50]} Bc8 {[%emt 0:09:20]} 20. Rbe1 {[%emt 0:02:50]} Qg5 {[%emt 0:03:37]} 21. Kh2 {[%emt 0:02:49]} f5 {[%emt 0:04:01]} 22. Nf3 {[%emt 0:02:38]} Qd8 {[%emt 0:01:32]} 23. b4 {[%emt 0:03:16]} Qc7+ {[%emt 0:01:46]} 24. Kg1 {[%emt 0:01:17]} f4 {[%emt 0:02:24]} 25. Nd1 {[%emt 0:05:50]} fxe3 {[%emt 0:01:42]} 26. Nxe3 {[%emt 0:02:05]} Nf4 {[%emt 0:00:55]} 27. Rd2 {[%emt 0:00:47]} Bxh3 {[%emt 0:00:54]} 28. Qh4 {[%emt 0:01:19]} Nxg2 {[%emt 0:01:36]} 29. Rxg2 {[%emt 0:03:04]} Bxg2 {[%emt 0:00:56]} 30. Kxg2 {[%emt 0:00:12]} Bxe3 {[%emt 0:01:39]} 31. Rxe3 {[%emt 0:00:16]} Qf7 {[%emt 0:01:24]} 32. Ng5 {[%emt 0:00:47]} Qg7 {[%emt 0:01:53]} 33. Ne6 {[%emt 0:00:30]} g5 {[%emt 0:01:41]} 34. Qg3 {[%emt 0:02:12]} Qf7 {[%emt 0:01:45]} 35. Nxf8 {[%emt 0:00:29]} Rxf8 {[%emt 0:00:17]} 36. Qxg5+ {[%emt 0:00:15]} Kh8 {[%emt 0:00:21]} 37. Qe5+ {[%emt 0:00:24]} 1-0

[Event "Runavik Open 2018"]
[Site "Runavik"]
[Date "2018.11.17"]
[Round "7"]
[White "Fjallheim, Benjamin Reinert"]
[Black "Jacobsen, Heidrikur T."]
[Result "0-1"]
[WhiteElo "1340"]
[BlackElo "1935"]
[Annotator "NA RC"]
[PlyCount "122"]
[EventDate "2018.11.12"]
[EventType "swiss"]
[EventCountry "FAI"]
[SourceTitle "playchess.com"]
[Source "ChessBase"]
[SourceQuality "1"]
[TimeControl "40/5400+30:900+30"]

{[%evp 8,111,32,47,46,22,54,13,48,27,27,19,41,-72,-7,-33,-19,-75,-51,-58,-40,-39,22,4,18,22,38,20,25,0,0,-25,26,0,0,0,0,0,0,-80,-43,-75,-50,-48,0,0,0,0,0,-54,-69,-91,-98,-191,-172,-172,0,0,0,0,0,0,0,0,0,0,0,-146,0,0,0,-108,-106,-145,-215,-436,-477,-684,-400,-419,-414,-595,-749,-637,-1278,-693,-747,-647,-760,-678,-1707,-697,-6311,-1431,-1966,-29982,-6295,-1754,-2338,-29974,-6335,-29989,-29989,-29991,-29990,-29990]} 1. e4 {[%emt 0:00:00]} g6 {[%emt 0:01:59]} 2. d4 {[%emt 0:00:37]} Bg7 {[%emt 0:00:09]} 3. Nf3 {[%emt 0:02:49]} d6 {[%emt 0:00:28]} 4. c4 {[%emt 0:02:12]} Nf6 {[%emt 0:00:45]} 5. Nc3 {[%emt 0:03:03]} O-O {[%emt 0:01:41]} 6. Bg5 {[%emt 0:14:15]} c6 {[%emt 0:02:19]} 7. Qd2 {[%emt 0:08:35] LiveBook: 3 Games E90: King's Indian: Classical: Early deviations and 6 h3} Qc7 {[%emt 0:05:50]} (7... Nbd7 8. Bd3 a6 9. O-O b5 10. Bh6 e5 11. Bxg7 Kxg7 12. b3 Bb7 13. Rfe1 Re8 14. Bc2 bxc4 15. bxc4 exd4 16. Nxd4 {1-0 (48) Aleksandrov,A (2609)-Harutjunyan,G (2464) Izhevsk 2011}) 8. Bd3 {[%emt 0:02:01]} e5 {[%emt 0:01:04]} 9. d5 {[%emt 0:00:42]} Na6 {[%emt 0:03:07]} 10. Bh6 {[%emt 0:01:20]} (10. O-O $14 {keeps the upper hand.}) 10... Nc5 {[%emt 0:00:47]} 11. Bxg7 {[%emt 0:00:33]} Kxg7 {[%emt 0:02:44]} 12. b4 $146 {[%emt 0:00:48]} (12. Bc2 $11 {keeps the balance.}) ({Predecessor:} 12. O-O Bg4 13. Ne1 Qe7 14. h3 Bd7 {1-0 (34) Weller,M (1593)-Gahn,J (1379) Willingen 2003}) 12... Nxd3+ {[%emt 0:00:37]} 13. Qxd3 {[%emt 0:00:13]} a5 {[%emt 0:01:14]} 14. b5 {[%emt 0:02:26]} c5 {[%emt 0:01:29]} 15. Na4 {[%emt 0:06:12]} b6 {[%emt 0:01:10]} 16. O-O-O {[%emt 0:02:46]} Rb8 {[%emt 0:02:22]} 17. h3 {[%emt 0:04:30]} Nh5 {[%emt 0:02:44]} 18. g4 {[%emt 0:02:19]} Nf4 {[%emt 0:00:21]} 19. Qd2 {[%emt 0:01:14]} Qe7 {[%emt 0:01:20]} 20. Nc3 {[%emt 0:03:06]} f5 {[%emt 0:03:00]} 21. gxf5 {[%emt 0:01:33]} gxf5 {[%emt 0:00:24]} 22. Rdg1+ {[%emt 0:04:08]} Kh8 {[%emt 0:00:17]} 23. Rg3 {[%emt 0:04:28]} (23. Qe3 $11) 23... fxe4 {[%emt 0:01:55]} 24. Nxe4 {[%emt 0:00:26]} Bf5 {[%emt 0:00:39]} 25. Qe3 $1 {[%emt 0:04:21]} h6 {[%emt 0:02:22]} (25... Bxe4 $15 26. Qxe4 Nh5) 26. h4 {[%emt 0:00:56]} Rbd8 {[%emt 0:02:54]} 27. Rhg1 {[%emt 0:04:35]} Rg8 {[%emt 0:02:16]} 28. Rxg8+ {[%emt 0:02:58]} Rxg8 {[%emt 0:00:08]} 29. Rxg8+ {[%emt 0:00:09]} Kxg8 {[%emt 0:00:06]} 30. Ng3 {[%emt 0:06:15]} (30. Kb2 $17 {was necessary.}) 30... Bd3 {[%emt 0:07:00]} 31. Nh5 {[%emt 0:03:58] [#]} Nxh5 {[%emt 0:03:46]} (31... Qf7 $1 $17 {[%cal Rf7h5]} 32. Nxf4 Qxf4 33. Qxf4 exf4) 32. Qxd3 {[%emt 0:00:28]} Qf6 {[%emt 0:01:18]} 33. Nd2 {[%emt 0:02:18]} Nf4 {[%emt 0:03:18]} 34. Qg3+ {[%emt 0:00:29]} Kf7 {[%emt 0:00:13]} 35. Kd1 {[%emt 0:01:24]} Qf5 {[%emt 0:00:45]} 36. Qe3 $1 {[%emt 0:01:09]} Qh5+ {[%emt 0:05:09]} 37. Nf3 {[%emt 0:01:12]} Qf5 {[%emt 0:01:03]} 38. Nd2 {[%emt 0:00:20]} Qh5+ {[%emt 0:04:04]} 39. Nf3 {[%emt 0:01:28]} Kf6 {[%emt 0:00:58]} 40. Kc1 {[%emt 0:00:00] [#]} Kf5 $1 {[%emt 0:00:00]} 41. Kd2 $2 {[%emt 0:05:38]} (41. Nd2 {was necessary.} Qe2 42. Qxe2 Nxe2+ 43. Kc2) 41... Ng2 {[%emt 0:21:20]} 42. Qb3 $2 {[%emt 0:00:45]} (42. Qe2 Qg4 43. Ng1) 42... Qg4 {[%emt 0:00:59]} 43. Kc1 {[%emt 0:08:45]} Nxh4 {[%emt 0:04:53]} 44. Qd3+ {[%emt 0:01:31]} e4 {[%emt 0:01:01]} 45. Nxh4+ {[%emt 0:00:13]} Qxh4 {[%emt 0:00:06]} 46. Qf1 {[%emt 0:02:28]} Qf4+ {[%emt 0:00:53]} 47. Kc2 {[%emt 0:01:09]} Qf3 {[%emt 0:00:13]} 48. Qg1 {[%emt 0:00:39]} Qd3+ {[%emt 0:01:23]} 49. Kb2 {[%emt 0:00:15]} a4 {[%emt 0:00:29]} 50. Qg8 {[%emt 0:00:41]} a3+ {[%emt 0:00:20]} 51. Kc1 {[%emt 0:00:18]} Qxc4+ {[%emt 0:00:28]} 52. Kd1 {[%emt 0:00:22]} Qf1+ {[%emt 0:00:19]} 53. Kc2 {[%emt 0:00:26]} Qxf2+ $19 {[%emt 0:00:09]} (53... Qe2+ $142 54. Kc1 Qb2+ 55. Kd1 Qb1+ 56. Ke2 Qxb5+ 57. Kd2 Qb4+ 58. Ke2 Qb5+ 59. Kd2 Qd3+ 60. Ke1 Qb1+ {[%mdl 64] Double Attack} 61. Ke2 Qxa2+ 62. Kf1 Qa1+ 63. Kg2 Qf6 64. Qc8+ Ke5 65. Kf1 Kd4 66. Qe8 Qf3 67. Qa4+ c4 68. Ke1 Qc3+ 69. Kf1 Qb2 70. Qd7 Qb1+ 71. Kg2 a2 72. Qg7+ Kxd5 73. Qb7+ Kd4 74. Qg7+ Kd3 75. Qg3+ Kc2 76. Qg4 a1=Q 77. Qxe4+ Kb3 78. Qe3+ Ka4 79. Qe8+ Kb4 80. Qh5 Qg1+ 81. Kf3 Qd4 82. Qh4 Qxh4 83. Ke3 Qgxf2#) 54. Kc1 {[%emt 0:00:31]} e3 {[%emt 0:01:16]} 55. Qf7+ {[%emt 0:02:07]} Kg4 {[%emt 0:00:41]} 56. Qg6+ {[%emt 0:00:37]} Kf3 {[%emt 0:00:53]} 57. Qh5+ {[%emt 0:01:16]} Ke4 {[%emt 0:02:42]} 58. Qg6+ {[%emt 0:01:35]} Kd4 {[%emt 0:01:29]} 59. Qg4+ {[%emt 0:00:44]} Kc3 {[%emt 0:00:57]} 60. Qg7+ {[%emt 0:00:28]} Kb4 {[%emt 0:00:28]} 61. Qg4+ {[%emt 0:01:45]} Ka5 {[%emt 0:00:31]} 0-1

[Event "Runavik Open 2018"]
[Site "Runavik"]
[Date "2018.11.17"]
[Round "8"]
[White "Korneev, Oleg"]
[Black "Maiorov, Nikita"]
[Result "1/2-1/2"]
[WhiteElo "2551"]
[BlackElo "2510"]
[Annotator "TA"]
[PlyCount "60"]
[EventDate "2018.11.12"]
[EventType "swiss"]
[EventCountry "FAI"]
[SourceTitle "playchess.com"]
[Source "ChessBase"]
[SourceQuality "1"]

{[%evp 26,60,0,-16,-12,-7,-16,-11,0,0,2,2,3,8,4,9,10,0,0,0,0,0,0,0,0,0,0,-1,0,0,0,0,10,0,12,11,13]} 1. e4 e5 2. Nf3 Nc6 3. Bc4 Bc5 4. O-O Nf6 5. d3 d6 6. c3 a6 7. Bb3 h6 8. Nbd2 {[%cal Bb1d2,Bd2f1,Bf1g3][%mdl 32]} O-O 9. Re1 Re8 {C54: Giuoco Piano: 4 c3 Nf6, main lines with 5 d4 and 5 d3} 10. Nf1 Ba7 11. Ng3 Be6 12. Bxe6 (12. Bc2 d5 13. exd5 Bxd5 14. Be3 Bxe3 15. Rxe3 Qd7 16. h3 Re7 17. Qd2 Rae8 18. Rae1 {0-1 (27) Aronian,L (2764)-Karjakin,S (2782) Leuven 2018}) 12... Rxe6 13. Nh4 d5 14. Qe2 {LiveBook: 6 Games. The position is equal.} Qd7 15. Nhf5 Rd8 16. h3 dxe4 17. dxe4 Qd3 18. Qxd3 Rxd3 19. Be3 Bxe3 20. Nxe3 {[#]} Red6 $146 21. Rad1 Rxd1 22. Rxd1 Rxd1+ 23. Nxd1 $11 {[%mdl 4096] Endgame KNN-KNN} Kf8 24. Kf1 g6 25. Ke2 Ke7 26. f3 Ke6 27. Nf1 Ne8 28. Nfe3 Nf6 29. g4 Nb8 30. Nf2 Nbd7 {Accuracy: White = 59%, Black = 68%.} 1/2-1/2

[Event "Runavik Open 2018"]
[Site "Runavik"]
[Date "2018.11.17"]
[Round "8"]
[White "Sivuk, Vitaly"]
[Black "Bernadskiy, Vitaliy"]
[Result "1/2-1/2"]
[WhiteElo "2551"]
[BlackElo "2544"]
[Annotator "TA"]
[PlyCount "31"]
[EventDate "2018.11.12"]
[EventType "swiss"]
[EventCountry "FAI"]
[SourceTitle "playchess.com"]
[Source "ChessBase"]
[SourceQuality "1"]

{[%evp 30,31,0,0]} 1. e4 e5 2. Nf3 Nc6 3. Bc4 Bc5 4. c3 {[%cal Bc2c3,Bc3d4][%mdl 32]} Nf6 5. d4 exd4 6. cxd4 Bb4+ 7. Bd2 Bxd2+ 8. Nbxd2 d5 9. exd5 Nxd5 10. Qb3 Na5 $146 ({Predecessor:} 10... Nce7 11. O-O O-O 12. Rfe1 c6 13. Ne4 Nb6 14. Bd3 Ned5 15. Nc5 Nf6 16. Rac1 Rb8 17. Qa3 a6 18. Qb3 Qc7 19. Ne4 Nfd5 20. Nc3 Qd6 21. Be4 {½-½ (36) Jones,G (2640)-Karjakin,S (2753) Wijk aan Zee 2018}) 11. Qa4+ Nc6 12. Qb3 Na5 13. Qa4+ Nc6 14. Qb3 Na5 15. Qa4+ Nc6 16. Qb3 {LiveBook: 701 Games} 1/2-1/2

[Event "Runavik Open 2018"]
[Site "Runavik"]
[Date "2018.11.17"]
[Round "8"]
[White "Karpatchev, Aleksandr"]
[Black "Kjartansson, Gudmundur"]
[Result "1-0"]
[WhiteElo "2416"]
[BlackElo "2423"]
[Annotator "TA"]
[PlyCount "53"]
[EventDate "2018.11.12"]
[EventType "swiss"]
[EventCountry "FAI"]
[SourceTitle "playchess.com"]
[Source "ChessBase"]
[SourceQuality "1"]

{[%evp 10,53,25,25,25,22,19,29,33,35,41,22,17,13,15,-75,-86,-91,-85,-95,-68,-88,-68,-95,-81,-89,-74,-76,-94,-84,0,0,0,0,21,8,21,47,493,458,547,546,535,511,1850,1957]} 1. e4 c6 2. Nc3 d5 3. Nf3 Nf6 4. e5 Ne4 5. Ne2 Qb6 6. d4 {LiveBook: 218 Games. B11: Caro-Kann: Two Knights Variation} e6 7. c3 c5 8. Ng3 {The position is equal.} Nxg3 9. hxg3 cxd4 10. cxd4 Nc6 11. Bd3 Bd7 12. O-O $146 (12. Kf1 $11) ({Predecessor:} 12. Kf1 Be7 13. g4 {1-0 (41) Adams,M (2758)-Motylev,A (2682) Germany 2015}) 12... Nxd4 $17 13. Nxd4 Qxd4 14. Qe2 Rc8 15. Bf4 Be7 16. Rad1 Qb6 17. Qg4 g5 (17... Qxb2 18. Qxg7 Rf8 19. Qxh7 $16) 18. Be3 (18. Bxg5 $2 Rg8 $19) 18... Qxb2 19. Rb1 h5 ({Don't go for} 19... Qxe5 $2 20. Bd4 $18) (19... Qxa2 20. Rxb7 a6 21. Ra7 $14 (21. Bxg5 Rg8 $17) (21. Qh5 d4 $16)) (19... Qc3 $17 20. Rb3 Qc7) 20. Rxb2 $11 hxg4 21. Rxb7 a5 22. Rc1 {[#] Black must now prevent Rxc8+.} Rxc1+ (22... d4 $5 {[%cal Rd4e3]} 23. Bd2 Bb4 24. Rxc8+ (24. Bxg5 Rh5 $15) 24... Bxc8 $14) 23. Bxc1 Bc8 $2 {[%mdl 8192]} (23... Bd8 $14) 24. Ra7 {White is clearly winning.} Bb4 25. Bb5+ Kf8 {Black hopes to continue with ...Kg7.} 26. Bxg5 f6 (26... Bc3 $142 27. Bf6 Rh6) 27. Bxf6 {Accuracy: White = 69%, Black = 32%.} 1-0

[Event "Runavik Open 2018"]
[Site "Runavik"]
[Date "2018.11.17"]
[Round "8"]
[White "Nielsen, Hogni Egilstoft"]
[Black "Schadd, Jan"]
[Result "1-0"]
[WhiteElo "2400"]
[BlackElo "1842"]
[Annotator "TA"]
[PlyCount "35"]
[EventDate "2018.11.12"]
[EventType "swiss"]
[EventCountry "FAI"]
[SourceTitle "playchess.com"]
[Source "ChessBase"]
[SourceQuality "1"]

{[%evp 1,1,24]} 1. e4 {Predecessor:} c5 $146 2. Nf3 d6 3. d4 cxd4 4. Nxd4 Nf6 5. Nc3 a6 6. Bg5 e6 7. f4 Qb6 8. Nb3 Nbd7 9. Qe2 Qc7 10. O-O-O b5 11. a3 Be7 12. g4 h6 13. Bh4 Rb8 14. Be1 g5 15. f5 Ne5 16. h4 Nfxg4 17. hxg5 Bxg5+ 18. Bd2 {1-0 (64) Grischuk,A (2769)-Vachier Lagrave,M (2780) Douglas 2018} 1-0

[Event "Runavik Open 2018"]
[Site "Runavik"]
[Date "2018.11.17"]
[Round "8"]
[White "Nielsen, Rogvi Egilstoft"]
[Black "Papin, Vasily"]
[Result "1/2-1/2"]
[WhiteElo "2339"]
[BlackElo "2483"]
[Annotator "TA"]
[PlyCount "61"]
[EventDate "2018.11.12"]
[EventType "swiss"]
[EventCountry "FAI"]
[SourceTitle "playchess.com"]
[Source "ChessBase"]
[SourceQuality "1"]

{[%evp 15,61,-37,-27,-35,-28,-23,-26,-53,-13,-36,-37,-40,-32,-33,-30,-39,-33,-29,-35,-36,-25,-32,-32,-27,-26,-43,-20,-27,-28,-31,-31,-32,-33,-35,-22,-27,-11,-25,-5,-11,-13,-26,-20,-22,-24,-11,-22,-58]} 1. e4 c5 2. c3 Nf6 3. e5 Nd5 4. d4 cxd4 5. cxd4 d6 6. Nf3 Nc6 7. a3 g6 {B22: Sicilian: 2 c3} 8. Bc4 Nb6 {LiveBook: 4 Games} 9. Bb5 Bg7 $146 {[%cal Rd6e5] Black is slightly better.} ({Predecessor:} 9... dxe5 10. Nxe5 Bd7 11. Qb3 e6 12. Be3 Bg7 13. Nc3 O-O 14. O-O Be8 15. Rfd1 {0-1 (50) Pazos Gambarrotti,P (2301)-Delgado Ramirez,N (2583) Asuncion 2013}) 10. O-O O-O 11. h3 Qc7 12. Bxc6 Qxc6 13. Nc3 Nd5 14. Bd2 Nxc3 15. Bxc3 Qd5 16. Nh2 Rd8 17. Re1 Be6 18. Qc1 Rac8 19. Qg5 Rc7 20. Ng4 Bxg4 (20... dxe5 {with more complications.} 21. dxe5 h5 22. Ne3 Qe4 23. Rad1 Rxd1 24. Nxd1 Qa4) 21. Qxg4 e6 22. Qe4 Qxe4 23. Rxe4 Rc4 {[#] And now ...dxe5 would win.} 24. Ree1 Bf8 25. Kf1 Be7 26. Red1 f6 27. exf6 Bxf6 28. Ke2 Kf7 29. Kd3 Rdc8 30. a4 b6 31. Ra3 {Precision: White = 59%, Black = 70%.} 1/2-1/2

[Event "Runavik Open 2018"]
[Site "Runavik"]
[Date "2018.11.17"]
[Round "8"]
[White "Jacobsen, Heidrikur T."]
[Black "Malakhatko, Vadim"]
[Result "0-1"]
[WhiteElo "1935"]
[BlackElo "2545"]
[Annotator "TA"]
[PlyCount "46"]
[EventDate "2018.11.12"]
[EventType "swiss"]
[EventCountry "FAI"]
[SourceTitle "playchess.com"]
[Source "ChessBase"]
[SourceQuality "1"]

{[%evp 9,46,-2,8,-4,28,-6,-9,-56,-33,-31,-40,-61,-27,-31,-48,-116,0,0,0,0,0,0,68,36,77,-50,-56,-67,-74,-278,-273,-272,-272,-281,-280,-693,-676,-664,-658]} 1. d4 Nf6 2. c4 e6 3. Nc3 Bb4 4. Qc2 c5 5. e3 O-O 6. a3 {E38: Nimzo-Indian: Classical: 4...c5} (6. dxc5 Na6 7. Nge2 Bxc5 8. a3 b6 9. b4 Be7 10. Bb2 Bb7 11. Rd1 Rc8 12. Nf4 Qc7 13. Qa4 Qb8 {0-1 (48) Maghsoodloo,P (2584)-Ganguly,S (2668) Doha 2016}) 6... cxd4 (6... Bxc3+ $5 7. bxc3 d6 $11) 7. exd4 Bxc3+ 8. bxc3 $146 {The position is equal.} ({Predecessor:} 8. Qxc3 d5 9. Nf3 b6 10. Bg5 Bb7 11. Be2 dxc4 12. Qxc4 h6 13. Bh4 {0-1 (30) Sosa,C (1843)-Freitas,R (2287) Sao Paulo 2015}) 8... b6 9. Bd3 Bb7 10. f3 d6 11. Bg5 h6 12. h4 (12. Bh4 $15) 12... Nbd7 (12... Re8 $17 13. Bxf6 Qxf6) 13. Qd2 $11 hxg5 14. hxg5 Re8 15. gxf6 Qxf6 ({Better is} 15... Nxf6 $11 16. Qg5 Rc8) 16. O-O-O $14 e5 17. dxe5 (17. Ne2 $16) 17... Nxe5 $15 18. Bh7+ {[%mdl 64] Discovered Attack} Kf8 19. Qxd6+ $2 (19. Bd3 $17 {is a better defense.}) 19... Qxd6 $19 20. Rxd6 {[#]} g6 $1 (20... Nxc4 21. Rd4 $17) 21. Nh3 Rad8 ({Weaker is} 21... Nxc4 22. Rd4 $19) 22. Rf6 $2 (22. Rxd8 Rxd8 23. Nf4) 22... Kg7 {[%mdl 64] Double Attack} 23. Rf4 Nd3+ {[%mdl 64] Double Attack. Accuracy: White = 36%, Black = 59%.} 0-1